|
|
|
|
| LEADER |
00716nab a2200205 i 4500 |
| 001 |
acta6253 |
| 005 |
20260126091057.0 |
| 008 |
161015s1955 hu o 000 hun d |
| 022 |
|
|
|a 0324-6523
|
| 040 |
|
|
|a SZTE Egyetemi Kiadványok Repozitórium
|b hun
|
| 041 |
|
|
|a hun
|
| 100 |
1 |
|
|a Bólya Lajos
|
| 245 |
1 |
2 |
|a A törvényesség kérdései a büntető eljárásban
|h [elektronikus dokumentum] /
|c Bólya Lajos
|
| 260 |
|
|
|c 1955
|
| 300 |
|
|
|a 1-20
|
| 490 |
0 |
|
|a Acta Universitatis Szegediensis : sectio politico-juridica
|v 1 No. 1
|
| 650 |
|
4 |
|a Társadalomtudományok
|
| 650 |
|
4 |
|a Jogtudomány
|
| 695 |
|
|
|a Büntetőeljárás
|
| 856 |
4 |
0 |
|u http://acta.bibl.u-szeged.hu/6253/1/juridpol_001_fasc_001_001-020.pdf
|z Dokumentum-elérés
|